| 000 | 02174cam a22005177a 4500 | ||
|---|---|---|---|
| 001 | 4024 | ||
| 003 | FISKH | ||
| 005 | 20250404083555.0 | ||
| 008 | 110423s2010 nyua j 000 1 eng d | ||
| 010 | _a 2011288781 | ||
| 020 | _a9781442407824 (pbk.) | ||
| 020 | _a9780449814413 | ||
| 035 | _a(OCoLC)ocn645357761 | ||
| 040 |
_aKCK _cKCK _dIEP _dBKX _dILC _dJQW _dDEL _dDLC _beng |
||
| 042 | _alccopycat | ||
| 050 | 0 | 0 |
_aPZ7.L5894 _bGr 2010 |
| 082 | 0 | 4 |
_a813 _223 |
| 100 | 1 | _aLewman, David. | |
| 245 | 1 | 4 |
_aThe great train mystery / _cadapted by David Lewman ; based on the screenplay "Krabby Patty No More" written by Casey Alexander, Zeus Cervas, Steven Banks & Dani Michaeli ; illustrated by The Artifact Group. |
| 260 |
_aNew York : _bRandom House, _c2010. |
||
| 300 |
_a32 pages ; _bcolor illustrations ; _c23 cm |
||
| 490 | 0 |
_aReady-to-read : reading with help _vLevel 2 |
|
| 500 | _aAt head of title: Nickelodeon/Spongebob Squarepants. | ||
| 500 | _a"Based on the TV series SpongeBob SquarePants created by Stephen Hillenburg as seen on Nickelodeon"--T.p. verso. | ||
| 505 | _aG | ||
| 520 | _aWhen Mr. Krabs gives SpongeBob the only key to the vault holding the Krabby Patty's secret recipe, SpongeBob and Patrick must keep it safe, until it is stolen by a passenger on their train. | ||
| 521 |
_a380
_bLexile |
||
| 521 |
_aG
_bRaz-Plus |
||
| 600 | 0 | 0 |
_aSpongeBob SquarePants _c(Fictitious character) _vJuvenile fiction. |
| 650 | 0 |
_aSponges _vJuvenile fiction. |
|
| 650 | 0 |
_aMarine animals _vJuvenile fiction. |
|
| 650 | 0 |
_aFormulas, recipes, etc. _vJuvenile fiction. |
|
| 650 | 0 |
_aTheft _vJuvenile fiction. |
|
| 650 | 0 |
_aRailroad trains _vJuvenile fiction. |
|
| 655 | 0 |
_aSea stories _vJuvenile fiction. |
|
| 655 | 7 |
_aRadio and television novels _vJuvenile fiction. _2gsafd |
|
| 655 | 7 |
_aMystery fiction _vJuvenile fiction. _2gsafd |
|
| 700 | 1 |
_aAlexander, Casey. _eAuthor |
|
| 700 | 1 |
_aCervas, Zeus. _eAuthor |
|
| 700 | 1 |
_aBanks, Steven. _eAuthor |
|
| 700 | 1 |
_aMichaeli, Dani. _eAuthor |
|
| 700 | 1 |
_aHillenburg, Stephen. _eAuthor |
|
| 906 |
_a7 _bcbc _ccopycat _d2 _encip _f20 _gy-gencatlg |
||
| 942 |
_2ddc _cBK _n0 |
||
| 999 |
_c4024 _d4024 |
||